| 000 | 01119cam a22002653a 4500 | ||
|---|---|---|---|
| 001 | 19574 | ||
| 003 | PGUSA | ||
| 005 | 20140828083420.0 | ||
| 008 | 061020s2006||||xxu|||||s|||||000 | eng d | ||
| 040 |
_aPGUSA _beng |
||
| 042 | _adc | ||
| 050 | 4 | _aPZ | |
| 100 | 1 |
_aAndersen, H. C. _q(Hans Christian), _d1805-1875 |
|
| 245 | 1 | 0 |
_aAndersen's Fairy Tales _h[electronic resource] / _cH. C. Andersen |
| 260 |
_bProject Gutenberg, _c2006 |
||
| 505 | 0 | _aThe emperor's new clothes -- The swineherd -- The real princess -- The shoes of fortune -- The fir tree -- The snow queen -- The leap-frog -- The elderbush -- The bell -- The old house -- The happy family -- The story of a mother -- The false collar -- The shadow -- The little match girl -- The dream of little Tuk -- The naughty boy -- The red shoes. | |
| 506 | _aPublic domain in the USA. | ||
| 516 | _aElectronic text | ||
| 653 | _aChildren's stories, Danish -- Translations into English | ||
| 653 | _aFairy tales -- Denmark | ||
| 653 | _aFairy tales | ||
| 830 | 0 |
_aProject Gutenberg _v19574 |
|
| 856 | 4 | 0 | _uhttp://www.gutenberg.org/ebooks/19574 |
| 942 | _cEB | ||
| 999 |
_c248829 _d248829 |
||